[Event "San Francisco TNM Winter op"]
[Site "San Francisco"]
[Date "2015.02.24"]
[Round "8"]
[White "Whitehead, Paul A"]
[Black "Gaffagan, Steven"]
[Result "1/2-1/2"]
[WhiteElo "2365"]
[BlackElo "2150"]
[PlyCount "65"]
[EventDate "2015.01.06"]
[EventType "swiss"]
[EventRounds "8"]
[EventCountry "USA"]
[SourceTitle "EXT 2016"]
[Source "ChessBase"]
[SourceDate "2015.10.08"]
[SourceVersion "1"]
[SourceVersionDate "2015.10.08"]
[SourceQuality "1"]

1. e4 e5 2. Nf3 Nc6 3. Bb5 a6 4. Ba4 Nf6 5. 0-0 Be7 6. Re1 b5 7. Bb3 d6 8. c3 0-0 9. d4 Bg4 10. h3 Bh5 11. d5 Na5 12. Bc2 c6 13. dxc6 Qc7 14. Nbd2 Nc4 15. Nf1 Qxc6 16. Ng3 Bg6 17. b3 Nb6 18. Bd2 Rfe8 19. Rc1 Rac8 20. Nh4 Qb7 21. Nhf5 Bf8 22. Bg5 Re6 23. Bb1 Nfd7 24. h4 f6 25. Bd2 Kh8 26. Qg4 Bxf5 27. Qxf5 Rce8 28. h5 Nc5 29. Be3 Qc8 30. Red1 Qc7 31. Nf1 Qf7 32. Qf3 g6 33. Ng3 1/2-1/2